600 essential words for the Toeic test

Tallennettuna:
Bibliografiset tiedot
Päätekijä: Lougheed, Lin
Aineistotyyppi: Kirja
Kieli:Undetermined
Julkaistu: Thành phố Hồ Chí Minh Trẻ 2004
Aiheet:
Tagit: Lisää tagi
Ei tageja, Lisää ensimmäinen tagi!
Thư viện lưu trữ: Trung tâm Học liệu Trường Đại học Cần Thơ
LEADER 00527nam a2200193Ia 4500
001 CTU_195012
008 210402s9999 xx 000 0 und d
082 |a 428.0076 
082 |b L887/CD.4 
100 |a Lougheed, Lin 
245 0 |a 600 essential words for the Toeic test 
245 0 |c Lin Lougheed 
260 |a Thành phố Hồ Chí Minh 
260 |b Trẻ 
260 |c 2004 
650 |a English language 
650 |x Examinations 
904 |i Tuyen 
980 |a Trung tâm Học liệu Trường Đại học Cần Thơ